00527nam a2200193 a 450000100060000000300090000600800410001502000180005604000280007408200160010210000280011824500580014626000260020430000100023065000290024065000270026965000220029665000150031823145CO-ViMGA141112s2004 ck r 000 u spa d a9789588297286 aCO-ViMGAbspacCO-ViMGA04a340.1 B176n1 aBarros Cantillo, Nelson10aLas nuevas herramientas de la argumentacion juridica aColombia : bIbañez a300p.14aARGUMENTACION JURIDICA 14aFILOSOFIA DEL DERECHO 14aLOGICA (DERECHO) 14aSILOGISMO